000 00972 a2200229 4500
001 59275
005 20260407155846.0
008 260407a2016 arg spa d
003 AR-UNSa-BCEJYS
040 _aAR-UNSa-BCEJYS
_bspa
_cAR-UNSa-BCEJYS
080 _a657:338.58
_xContabilidad Social y Ambiental
245 1 0 _aLa nueva contabilidad E.S.A.
_pGlobalización y medioambiente. América Latina
020 _a978-987-02-8801-5
264 1 _aBuenos Aires :
_bDunken
_c2016
300 _a143 p.
_c22 cm.
505 _a1. Desarrollo del proceso de globalización y contabilidad. América Latina - 2. Contabilidad tridimensional E.S.A.: económico, social y ambiental. Amenaza ambiental y su contribución a las decisiones privadas y públicas
041 _aspa
942 _cBK
590 _aniveau_biblio:m niveau_hierar:0
100 1 _aLang, Víctor Manuel
856 4 1 _uhttps://www.biblioeco.unsa.edu.ar/pmb/images/libros/L129032.jpg
_yImagen de portada
_qimage/jpeg
999 _c6632
_d6632